| 000 | 01315nam a2200313 a 4500 | ||
|---|---|---|---|
| 001 | ebr2003028 | ||
| 003 | CaPaEBR | ||
| 006 | m u | ||
| 007 | cr cn||||||||| | ||
| 008 | 990924s2000 enkab sb 001 0 eng | ||
| 010 | _z 99049536 | ||
| 020 | _z0333774833 | ||
| 020 | _z0312230559 (cloth) | ||
| 040 |
_aCaPaEBR _cCaPaEBR |
||
| 035 | _a(OCoLC)228040334 | ||
| 050 | 1 | 4 |
_aHG5580.2.A3 _bF574 2000eb |
| 082 | 0 | 4 |
_a332.67/3/0947 _221 |
| 100 | 1 | _aFischer, Paul. | |
| 245 | 1 | 0 |
_aForeign direct investment in Russia _h[electronic resource] : _ba strategy for industrial recovery / _cPaul Fischer. |
| 260 |
_aHoundmills, Basingstoke, Hampshire : _bMacmillan Press ; _aNew York : _bSt. Martin's Press, _c2000. |
||
| 300 |
_axxx, 579 p. : _bill., maps. |
||
| 504 | _aIncludes bibliographical references and index. | ||
| 533 |
_aElectronic reproduction. _bPalo Alto, Calif. : _cebrary, _d2009. _nAvailable via World Wide Web. _nAccess may be limited to ebrary affiliated libraries. |
||
| 650 | 0 |
_aInvestments, Foreign _zRussia (Federation) |
|
| 651 | 0 |
_aRussia (Federation) _xEconomic conditions _y1991- |
|
| 655 | 7 |
_aElectronic books. _2local |
|
| 710 | 2 | _aebrary, Inc. | |
| 856 | 4 | 0 |
_uhttp://site.ebrary.com/lib/rucke/Doc?id=2003028 _zAn electronic book accessible through the World Wide Web; click to view |
| 999 |
_c123537 _d123537 |
||